WWE King of the Ring Winners quiz - Statistics

General Stats
  • This quiz has been taken 2,353 times
    313 since last reset
  • The average score is 15 of 24
Answer Stats
Year Answer % Correct
1996 "Stone Cold" Steve Austin
87%
2006 Booker T
81%
1997 Hunter Hearst Helmsley
80%
1991 Bret Hart
77%
1993 Bret Hart
77%
2025 Cody Rhodes
77%
2010 Sheamus
74%
1994 Owen Hart
73%
2024 Gunther
72%
2019 Baron Corbin
69%
2021 Xavier Woods
69%
2015 Bad News Barrett
67%
2001 Edge
64%
2000 Kurt Angle
64%
2002 Brock Lesnar
61%
1987 "Macho Man" Randy Savage
60%
1995 Mabel
51%
2008 William Regal
51%
1999 Billy Gunn
44%
1986 Harley Race
39%
1998 Ken Shamrock
37%
1988 Ted Dibiase
34%
1985 Don Muraco
26%
1989 Tito Santana
22%
No matching quizzes found
Score Distribution
Percent of People with Each Score
Percentile by Number Answered
Your Score History
You have not taken this quiz since the last reset